000 00888nam a2200217Ia 4500
001 19846
003 GE_BSU
008 181216s||||||||xx |||||||||||||| ||und||
040 _cGE_BSU
080 _a025
245 _aკონტროლის ფუნქცია საბიბლიოთეკო მენეჯმენტში. მეთოდური რეკომენდაციები
245 _cრედ. ლ. ზამბახიძე
260 _aთბილისი
260 _c2009
300 _a14გვ.
541 _h2ლ. 48 თ.
653 _aბიბლიოთეკარი
653 _aკონტროლის ფუნქცია საბიბლიოთეკო მენეჯმენტში. მეთოდური რეკომენდაციები
653 _aქსეროქსი
942 _cBK
999 _c52816
_d52816